[Event "FIDE Women's Grand Prix Tashkent"]
[Site "Tashkent UZB"]
[Date "2013.09.28"]
[EventDate "2013.09.18"]
[Round "9"]
[Result "0-1"]
[White "Nafisa Muminova"]
[Black "Antoaneta Stefanova"]
[WhiteElo "2293"]
[BlackElo "2496"]
[PlyCount "88"]

1. e4 g6 2. d4 Bg7 3. Nf3 d6 4. Be2 Nf6 5. Nc3 c6 6. O-O Qc7
7. Bf4 Nbd7 8. e5 Nh5 9. exd6 exd6 10. Be3 d5 11. Qd2 O-O
12. Rae1 b5 13. a3 a5 14. Na2 Re8 15. Nc1 Nhf6 16. Nd3 Ne4
17. Qc1 Nb6 18. Bf4 Qd8 19. Nfe5 f6 20. Nxc6 Qd7 21. Nb8 Qf7
22. Nc5 Nc4 23. b3 Nxc5 24. dxc5 Ne5 25. Bxb5 Re6 26. c4 d4
27. Nc6 Nxc6 28. Rxe6 Qxe6 29. Re1 Ne5 30. c6 Qf5 31. Qd2 Nd3
32. Re8+ Kf7 33. Qe2 Ne5 34. Bxe5 fxe5 35. c7 d3 36. Qd1 d2
37. h3 Bh6 38. Bc6 Ra6 39. g4 Qf4 40. Rxc8 Rxc6 41. Ra8 Rxc7
42. Rxa5 Qe4 43. Kf1 Kg7 44. Rd5 Rf7 0-1

[Event "FIDE Women's Grand Prix Tashkent"]
[Site "Tashkent UZB"]
[Date "2013.09.29"]
[EventDate "2013.09.18"]
[Round "10"]
[Result "0-1"]
[White "Antoaneta Stefanova"]
[Black "Zhao Xue"]
[WhiteElo "2496"]
[BlackElo "2579"]
[PlyCount "78"]

1. d4 Nf6 2. c4 e6 3. Nc3 Bb4 4. e3 d5 5. Bd3 c5 6. cxd5 Nxd5
7. Nge2 cxd4 8. exd4 Nc6 9. O-O Be7 10. Be4 Nf6 11. Bf3 O-O
12. a3 h6 13. Be3 Bd6 14. Qc2 Ne7 15. Rac1 Bd7 16. Qb3 Rb8
17. d5 b6 18. dxe6 Bxe6 19. Qa4 Nf5 20. Bf4 Bxf4 21. Qxf4 Rc8
22. Nb5 g5 23. Qa4 Bd7 24. Nec3 Rc5 25. Qa6 Qc8 26. Bb7 Qb8
27. a4 Re8 28. b4 Ng4 29. g3 Rc4 30. Nd5 Rxc1 31. Rxc1 Qe5
32. Rf1 Nd4 33. Nbc7 Ne2+ 34. Kh1 Nxf2+ 35. Kg2 Bh3+ 36. Kxf2
Qd4+ 37. Ke1 Qa1+ 38. Kd2 Qb2+ 39. Ke1 Qc1+ 0-1

[Event "FIDE Women's Grand Prix Tashkent"]
[Site "Tashkent UZB"]
[Date "2013.09.30"]
[EventDate "2013.09.18"]
[Round "11"]
[Result "1-0"]
[White "Bela Khotenashvili"]
[Black "Antoaneta Stefanova"]
[WhiteElo "2514"]
[BlackElo "2496"]
[PlyCount "75"]

1. d4 Nf6 2. c4 e6 3. Nf3 d5 4. g3 dxc4 5. Bg2 Nc6 6. Qa4 Bb4+
7. Bd2 Bd6 8. Na3 O-O 9. Nxc4 Ne4 10. e3 Bd7 11. Qc2 Nxd2
12. Nfxd2 a5 13. O-O Nb4 14. Qb1 Bc6 15. Ne4 b5 16. Ncd2 f5
17. a3 Na6 18. Nf6+ Qxf6 19. Bxc6 Ra7 20. Bxb5 c5 21. Nc4 Bc7
22. Bxa6 Rxa6 23. dxc5 a4 24. Qc2 h5 25. Rad1 h4 26. Rd7 Rc8
27. Qd3 Rc6 28. Qd4 hxg3 29. hxg3 Rb8 30. Rc1 Rb5 31. Nd6 Rb8
32. Rc2 Ra8 33. Rc4 Qg6 34. Rb4 Bxd6 35. Rxd6 Rxd6 36. Qxd6
Qe8 37. c6 Rd8 38. c7 1-0

[Event "European Team Championship (Women)"]
[Site "Warsaw POL"]
[Date "2013.11.09"]
[EventDate "2013.11.08"]
[Round "2.2"]
[Result "1/2-1/2"]
[White "Nana Dzagnidze"]
[Black "Antoaneta Stefanova"]
[WhiteElo "2556"]
[BlackElo "2494"]
[PlyCount "112"]

1. d4 d5 2. c4 c6 3. Nf3 Nf6 4. Nc3 a6 5. a4 e6 6. Bg5 Nbd7
7. e3 Qa5 8. Qc2 Ne4 9. Bf4 Bb4 10. Rc1 b5 11. cxd5 cxd5
12. Bd3 Bb7 13. axb5 axb5 14. O-O Bxc3 15. bxc3 O-O 16. Qb2
Rfc8 17. Bxb5 Nb6 18. c4 dxc4 19. Bxc4 g5 20. Rb1 Rxc4
21. Qxb6 Qxb6 22. Rxb6 gxf4 23. Rxb7 Rc2 24. exf4 Raa2 25. f5
exf5 26. Rb5 Nd2 27. Nxd2 Rxd2 28. Rxf5 Rxd4 29. h3 Rda4
30. Kh2 Ra1 31. Rg5+ Kf8 32. Rxa1 Rxa1 33. Kg3 h6 34. Rg4 Ra2
35. f3 Ra5 36. h4 Rb5 37. Ra4 Kg7 38. Kf4 Rc5 39. g4 Rb5
40. Kg3 Rb3 41. Ra6 Rc3 42. g5 hxg5 43. hxg5 Rb3 44. Kg4 Rb1
45. f4 Rg1+ 46. Kf5 Rg2 47. Ra7 Rg1 48. Re7 Rg2 49. Re1 Rg3
50. Ke5 Kg6 51. Re2 Rg1 52. Re3 Rg2 53. Re1 Rg3 54. Rh1 f6+
55. gxf6 Re3+ 56. Kd4 Re8 1/2-1/2

[Event "European Team Championship (Women)"]
[Site "Warsaw POL"]
[Date "2013.11.16"]
[EventDate "2013.11.08"]
[Round "8.3"]
[Result "1-0"]
[White "Antoaneta Stefanova"]
[Black "Monika (Bobrowska) Socko"]
[WhiteElo "2494"]
[BlackElo "2431"]
[PlyCount "51"]

1. d4 e6 2. c4 Nf6 3. g3 d5 4. Nf3 dxc4 5. Bg2 Bd7 6. Ne5 Bc6
7. Nxc6 Nxc6 8. O-O Qd7 9. e3 O-O-O 10. Qa4 h5 11. Nd2 Nd5
12. Nxc4 h4 13. Bd2 Kb8 14. Rfc1 f5 15. b4 Bd6 16. b5 Nce7
17. Na5 g5 18. Rab1 Nb6 19. Qb3 Ned5 20. Nc6+ bxc6 21. bxc6
Qh7 22. Qb5 Ka8 23. Qa6 Rb8 24. Rb5 Bb4 25. Rcc5 Nc4 26. Rb7
1-0

[Event "European Team Championship (Women)"]
[Site "Warsaw POL"]
[Date "2013.11.17"]
[EventDate "2013.11.08"]
[Round "9.7"]
[Result "0-1"]
[White "Antoaneta Stefanova"]
[Black "Joanna Worek"]
[WhiteElo "2494"]
[BlackElo "2336"]
[PlyCount "162"]

1. d4 d5 2. c4 e6 3. Nf3 Nf6 4. g3 Be7 5. Bg2 O-O 6. O-O c6
7. Qc2 b6 8. Nbd2 Bb7 9. e4 dxe4 10. Nxe4 Nbd7 11. Rd1 Nxe4
12. Qxe4 Nf6 13. Qc2 Rc8 14. a3 b5 15. c5 Nd5 16. h4 Qe8
17. Bf1 Rd8 18. Bd3 Kh8 19. Qe2 Bc8 20. Bd2 f5 21. Re1 Bf6
22. Ba5 Rd7 23. Bxf5 Bd8 24. Bxd8 Rxf5 25. Bg5 Rdf7 26. Ne5
Rf8 27. Nd3 e5 28. dxe5 Be6 29. Qe4 h6 30. Bd2 Rf3 31. Rf1 Qh5
32. Ne1 Rb3 33. Qc2 Ne7 34. Bc3 Ng6 35. Qd1 Qf5 36. Qd6 Rxc3
37. bxc3 Nxe5 38. Rd1 Bc4 39. Rd4 Rf6 40. Rf4 Qh3 41. Qd8+ Kh7
42. Rxc4 Nxc4 43. Qd4 Nxa3 44. Nd3 Nc4 45. Nf4 Qf5 46. Re1 Rf7
47. Re6 a5 48. h5 a4 49. Re8 Rf8 50. Rxf8 Qxf8 51. Qe4+ Kg8
52. Qxc6 a3 53. Qxb5 Nd2 54. Ng6 Qa8 55. Ne7+ Kf7 56. Qd7 Nf3+
57. Kf1 Qa6+ 58. Kg2 Ne1+ 59. Kg1 Qe6 60. Qa7 Qxe7 61. Qxa3
Qb7 62. Kf1 Nd3 63. Qa2+ Kf6 64. Qc4 Ne5 65. Qh4+ Ke6 66. Qh3+
Ke7 67. Qf5 Qb5+ 68. Kg1 Qxc5 69. Qh7 Kf6 70. g4 Qxc3 71. Qf5+
Ke7 72. Kg2 Qc6+ 73. f3 Qe6 74. Qe4 Nc4 75. Qf4 Ne3+ 76. Kh3
Nd5 77. Qd4 Kf7 78. Qa7+ Kf6 79. Qb8 Qe7 80. Qc8 Nf4+ 81. Kg3
Qe1+ 0-1

[Event "SportAccord World Mind Games (Women, Rapid)"]
[Site "Beijing CHN"]
[Date "2013.12.05"]
[EventDate "2013.12.4"]
[Round "5.7"]
[Result "0-1"]
[White "Pia Cramling"]
[Black "Antoaneta Stefanova"]
[WhiteElo "2525"]
[BlackElo "2486"]
[PlyCount "74"]

1. d4 d5 2. Nf3 Nf6 3. c4 c6 4. Nc3 a6 5. a4 e6 6. g3 a5
7. Bg2 Be7 8. O-O O-O 9. Ne5 Nfd7 10. f4 Nxe5 11. fxe5 f6
12. exf6 Bxf6 13. e4 c5 14. e5 Be7 15. Rxf8+ Qxf8 16. cxd5
cxd4 17. Nb5 Bc5 18. Nxd4 exd5 19. Bxd5+ Kh8 20. Be3 Nc6
21. Rc1 Nxe5 22. Qh5 Ng4 23. Rxc5 Nxe3 24. Bf3 Bg4 25. Qg5
Bxf3 26. Ne6 Qf6 27. Qxe3 Bg4 28. Nf4 Qxb2 29. Re5 Bd7 30. Nd3
Qb1+ 31. Ne1 Rf8 32. Qc5 Qb4 33. Qxb4 axb4 34. a5 b3 35. Re3
Bh3 36. Nf3 b2 37. Nd2 b1=Q+ 0-1

[Event "SportAccord World Mind Games (Women, Rapid)"]
[Site "Beijing CHN"]
[Date "2013.12.05"]
[EventDate "2013.12.4"]
[Round "6.6"]
[Result "0-1"]
[White "Marie Sebag"]
[Black "Antoaneta Stefanova"]
[WhiteElo "2501"]
[BlackElo "2486"]
[PlyCount "114"]

1. e4 e5 2. Nf3 Nc6 3. Bb5 Nge7 4. c3 d6 5. d4 Bd7 6. O-O Ng6
7. dxe5 dxe5 8. Be3 h6 9. Nbd2 Qf6 10. Qe2 a6 11. Bc4 Na5
12. Bd3 Nf4 13. Bxf4 Qxf4 14. b4 Nc6 15. a4 Ne7 16. a5 Ng6
17. b5 axb5 18. Bxb5 c6 19. Bc4 Bc5 20. Rab1 Bc8 21. Ne1 Qf6
22. Nd3 Nf4 23. Nxf4 Qxf4 24. Nb3 Ba7 25. Nc1 O-O 26. Nd3 Qf6
27. Kh1 Bb8 28. f4 Rxa5 29. fxe5 Qe7 30. Qh5 Bxe5 31. Nxe5
Rxe5 32. Qf3 Rxe4 33. Bb3 Re3 34. Qf4 Re2 35. h3 b5 36. Rbd1
Be6 37. Bxe6 Rxe6 38. Qd4 Re4 39. Qd3 Qe6 40. Qf3 Re3 41. Qf4
Rxc3 42. Rde1 Qd5 43. Re5 Qd6 44. Qe4 Rc4 45. Qe2 Rd4 46. Re8
Qd7 47. Re7 Qd5 48. Re8 Rd2 49. Rxf8+ Kxf8 50. Qg4 Qd7 51. Qf3
Kg8 52. Ra1 Qd5 53. Qg4 h5 54. Qg3 Rd1+ 55. Rxd1 Qxd1+ 56. Kh2
Qd5 57. Qf4 Kh7 0-1

[Event "SportAccord World Mind Games (Women, Rapid)"]
[Site "Beijing CHN"]
[Date "2013.12.05"]
[EventDate "2013.12.4"]
[Round "7.5"]
[Result "1/2-1/2"]
[White "Antoaneta Stefanova"]
[Black "Viktorija Cmilyte"]
[WhiteElo "2486"]
[BlackElo "2514"]
[PlyCount "105"]

1. d4 Nf6 2. Bg5 d5 3. e3 c5 4. dxc5 Nc6 5. Nd2 e5 6. Nb3 Bxc5
7. Nxc5 Qa5+ 8. c3 Qxc5 9. Bd3 Be6 10. Ne2 Ne4 11. Bh4 g5
12. Bg3 f5 13. b4 Qd6 14. Bxe4 fxe4 15. Nd4 h5 16. Nxc6 bxc6
17. h4 g4 18. Qd2 O-O 19. c4 Rf5 20. cxd5 Qxd5 21. Qb2 Qc4
22. Rc1 Qxa2 23. Qxa2 Bxa2 24. Rxc6 Rb8 25. O-O Rxb4 26. Ra1
Rb1+ 27. Rxb1 Bxb1 28. Ra6 Rf7 29. Bxe5 Bd3 30. Rg6+ Kf8
31. Rh6 Rf5 32. Bf4 a5 33. Bg5 g3 34. fxg3 Be2 35. Rf6+ Rxf6
36. Bxf6 Kf7 37. Bh8 Ke6 38. Kf2 Bg4 39. Ke1 Kd5 40. Kd2 Kc4
41. Kc2 a4 42. Kb2 Kd3 43. Bd4 Ke2 44. Ka3 Bd7 45. Kb4 Kf2
46. Ka3 Kxg3 47. Bf6 Kxg2 48. Bg5 Kf3 49. Bf4 Kg4 50. Bg5 Kf3
51. Bf4 Kg4 52. Bg5 Kf3 53. Bf4 1/2-1/2

[Event "SportAccord World Mind Games (Women, Rapid)"]
[Site "Beijing CHN"]
[Date "2013.12.12"]
[EventDate "2013.12.12"]
[Round "1.4"]
[Result "0-1"]
[White "Antoaneta Stefanova"]
[Black "Valentina Gunina"]
[WhiteElo "2486"]
[BlackElo "2509"]
[PlyCount "132"]

1. d4 d5 2. c4 c6 3. cxd5 cxd5 4. Bf4 Nf6 5. Nc3 Nc6 6. e3 e6
7. Bd3 Be7 8. h3 O-O 9. Rc1 h6 10. Bb1 Bd6 11. Bxd6 Qxd6
12. f4 b6 13. Nf3 a5 14. Ne5 Ne7 15. O-O Ba6 16. Re1 b5
17. Qf3 g6 18. g4 Nd7 19. Rc2 Nb6 20. Rg2 b4 21. Nd1 Nd7
22. h4 Kg7 23. h5 Rac8 24. Nf2 Rg8 25. f5 exf5 26. Nxd7 Qxd7
27. gxf5 Qd6 28. Ng4 gxf5 29. Bxf5 Nxf5 30. Qxf5 Kf8 31. Qh7
Ke7 32. Nxh6 Rxg2+ 33. Kxg2 Qe6 34. Nf5+ Kd7 35. Ng3 a4 36. b3
axb3 37. axb3 Rc3 38. Qf5 Qxf5 39. Nxf5 Bd3 40. Nh4 Rxb3
41. h6 Ra3 42. Kg3 b3 43. Nf3 f6 44. Nd2 b2 45. Rh1 Ra1
46. Rh5 Rg1+ 47. Kf4 Kc6 48. h7 Bxh7 49. Rxh7 Rd1 50. Rh8 Kc7
51. Rh7+ Kb6 52. Rh8 Rxd2 53. Rb8+ Ka5 54. Kf5 Ka4 55. Kxf6
Ka3 56. Ke5 Rd3 57. Ra8+ Kb4 58. Rb8+ Ka3 59. Ra8+ Kb3
60. Rb8+ Kc2 61. Rxb2+ Kxb2 62. Kxd5 Kc3 63. Kc5 Rd1 64. d5
Kd3 65. d6 Ke4 66. Kc6 Ke5 0-1

[Event "SportAccord World Mind Games (Women, Rapid)"]
[Site "Beijing CHN"]
[Date "2013.12.12"]
[EventDate "2013.12.12"]
[Round "2.7"]
[Result "0-1"]
[White "Antoaneta Stefanova"]
[Black "Kateryna Lahno"]
[WhiteElo "2486"]
[BlackElo "2543"]
[PlyCount "86"]

1. d4 Nf6 2. Bg5 d5 3. e3 c5 4. Nd2 Qb6 5. dxc5 Qxb2 6. Ngf3
e6 7. Rb1 Qc3 8. Bb5+ Nc6 9. O-O Qxc5 10. c4 Be7 11. Nb3 Qd6
12. Bf4 Qd8 13. Ne5 Bd7 14. Nxd7 Qxd7 15. Na5 O-O 16. Qa4 a6
17. Bxc6 bxc6 18. Rb7 Qe8 19. Nxc6 Bc5 20. Rc1 Ne4 21. Rc7 d4
22. Qc2 f5 23. Be5 Rf7 24. Rxf7 Kxf7 25. Nxd4 Rc8 26. Rb1 Qd7
27. Qb2 Be7 28. Bxg7 Bd6 29. Nf3 Rb8 30. Qxb8 Bxb8 31. Be5 Bd6
32. h3 Qc7 33. Ba1 Qxc4 34. Rb7+ Ke8 35. Be5 Qc1+ 36. Kh2 Qc5
37. Bxd6 Qxd6+ 38. g3 Nxf2 39. Rxh7 Ne4 40. Rg7 Kf8 41. Rg6
Kf7 42. Nh4 Qd2+ 43. Kh1 Qe1+ 0-1

[Event "SportAccord World Mind Games (Women, Rapid)"]
[Site "Beijing CHN"]
[Date "2013.12.12"]
[EventDate "2013.12.12"]
[Round "3.8"]
[Result "1/2-1/2"]
[White "Anna Muzychuk"]
[Black "Antoaneta Stefanova"]
[WhiteElo "2566"]
[BlackElo "2486"]
[PlyCount "40"]

1. e4 e5 2. Nf3 Nc6 3. d4 exd4 4. Nxd4 Bb4+ 5. c3 Bc5 6. Be3
Bb6 7. Qg4 Nf6 8. Qxg7 Rg8 9. Qh6 d5 10. Bb5 Bd7 11. Bxc6 bxc6
12. e5 Rg6 13. Qh4 Ng4 14. Qxh7 Nxe3 15. Qh8+ Ke7 16. Qh4+ Kf8
17. Qh8+ Ke7 18. Qh4+ Kf8 19. Qh8+ Ke7 20. Qh4+ Kf8 1/2-1/2

[Event "SportAccord World Mind Games (Women, Rapid)"]
[Site "Beijing CHN"]
[Date "2013.12.12"]
[EventDate "2013.12.12"]
[Round "4.8"]
[Result "1/2-1/2"]
[White "Antoaneta Stefanova"]
[Black "Zhao Xue"]
[WhiteElo "2486"]
[BlackElo "2568"]
[PlyCount "111"]

1. d4 e6 2. c4 d5 3. Nf3 Nf6 4. g3 Bb4+ 5. Bd2 Be7 6. Bg2 O-O
7. O-O c6 8. Qc2 b6 9. Rd1 Nbd7 10. Bf4 Ba6 11. Ne5 Nxe5
12. dxe5 Nd7 13. cxd5 cxd5 14. e4 Rc8 15. Nc3 d4 16. Rxd4 Qc7
17. Rad1 Rfd8 18. h4 h6 19. h5 Nc5 20. Rxd8+ Rxd8 21. Rxd8+
Bxd8 22. Bf1 Bxf1 23. Kxf1 Qc6 24. Qd2 Bc7 25. Qd4 Nd7 26. a4
a6 27. Qd3 Nc5 28. Qc4 Qd7 29. Ke2 Qc8 30. a5 Qb7 31. axb6
Qxb6 32. b4 Nd7 33. Be3 Qb7 34. f4 Nb8 35. Bc5 Nc6 36. Kf1 Bb6
37. b5 Nb8 38. Qd4 Nd7 39. Bxb6 Nxb6 40. Qc5 axb5 41. Qxb5 Qc7
42. Qb4 Qc6 43. Ke2 Nd7 44. Kd2 Nc5 45. Ke3 Nd7 46. Qd4 Kh7
47. g4 Kg8 48. Kd2 Nc5 49. Ke3 Nd7 50. Kd2 Nc5 51. Ke3 Nd7
52. Kf3 Nb6 53. Kg3 Nd7 54. Kf3 Nb6 55. Kg3 Nd7 56. Kf3
1/2-1/2

[Event "SportAccord World Mind Games (Women, Blitz)"]
[Site "Beijing CHN"]
[Date "2013.12.14"]
[EventDate "2013.12.14"]
[Round "1.1"]
[Result "1/2-1/2"]
[White "Antoaneta Stefanova"]
[Black "Kateryna Lahno"]
[WhiteElo "2486"]
[BlackElo "2543"]
[PlyCount "87"]

1. Nf3 Nf6 2. g3 g6 3. b3 Bg7 4. Bb2 c5 5. Bg2 O-O 6. c4 d6
7. O-O e5 8. Nc3 Nc6 9. d3 h6 10. h3 Be6 11. Rc1 Rc8 12. Kh2
b6 13. Nd2 d5 14. cxd5 Nxd5 15. Nc4 Nxc3 16. Bxc3 Bd5 17. Bxd5
Qxd5 18. e4 Qe6 19. Ne3 Rcd8 20. Qe2 f5 21. Nd5 f4 22. Qg4
Qxg4 23. hxg4 Rf7 24. Kg2 Ne7 25. Nxe7+ Rxe7 26. gxf4 exf4
27. Bxg7 Kxg7 28. Rfd1 Red7 29. Rc3 g5 30. Kf3 Rd4 31. Ke2 a5
32. Rc4 Kg6 33. f3 R8d7 34. a4 Rd8 35. Rc3 R8d6 36. Rh1 Rb4
37. Kd2 Rbd4 38. Kc2 Rd8 39. Kd2 R8d7 40. Ke2 Rd8 41. Kd2 R8d7
42. Ke2 Rd8 43. Kd2 R8d7 44. Ke2 1/2-1/2

[Event "SportAccord World Mind Games (Women, Blitz)"]
[Site "Beijing CHN"]
[Date "2013.12.14"]
[EventDate "2013.12.14"]
[Round "2.8"]
[Result "1-0"]
[White "Antoaneta Stefanova"]
[Black "Pia Cramling"]
[WhiteElo "2486"]
[BlackElo "2525"]
[PlyCount "106"]

1. d4 Nf6 2. c4 e6 3. g3 Bb4+ 4. Bd2 a5 5. Bg2 d5 6. Qc2 O-O
7. Nf3 c5 8. O-O cxd4 9. Nxd4 e5 10. Nb5 d4 11. c5 Na6 12. c6
bxc6 13. Bxc6 Rb8 14. a3 Bxd2 15. Nxd2 Bh3 16. Rfc1 Qb6
17. Nd6 Rfd8 18. N6e4 Nxe4 19. Bxe4 Qxb2 20. Bxh7+ Kh8 21. Nc4
Qxc2 22. Bxc2 f6 23. Nxa5 Rdc8 24. Be4 g5 25. f3 Rc5 26. Nc6
Rb3 27. g4 Rxa3 28. Rxa3 Rxc1+ 29. Kf2 Nc5 30. Bf5 Bf1 31. Nb4
Bh3 32. Nd5 d3 33. exd3 Rc2+ 34. Kg3 Bf1 35. Ne3 Rc1 36. Kf2
Bh3 37. Ra7 Kg8 38. Nd5 Rc2+ 39. Kg3 Bf1 40. Ne3 Rc1 41. Rc7
Ne4+ 42. Bxe4 Rxc7 43. Nxf1 Rc2 44. Ne3 Rb2 45. Nc4 Ra2
46. Nxe5 Rb2 47. Nc4 Rb1 48. Ne3 Ra1 49. d4 Re1 50. Nf5 Kf8
51. d5 Rd1 52. d6 Rd2 53. Bc6 Rd1 1-0

[Event "SportAccord World Mind Games (Women, Blitz)"]
[Site "Beijing CHN"]
[Date "2013.12.14"]
[EventDate "2013.12.14"]
[Round "3.2"]
[Result "1-0"]
[White "Ju Wenjun"]
[Black "Antoaneta Stefanova"]
[WhiteElo "2514"]
[BlackElo "2486"]
[PlyCount "77"]

1. b3 d5 2. Bb2 Nf6 3. c4 c6 4. Nf3 g6 5. g3 Bg7 6. Bg2 O-O
7. O-O a5 8. d3 a4 9. Nbd2 Nbd7 10. b4 Re8 11. Qc2 e5 12. cxd5
cxd5 13. a3 Bf8 14. Rac1 Bd6 15. e4 d4 16. Nc4 Bf8 17. h3 b5
18. Na5 Bh6 19. Rcd1 Re6 20. Bc1 Bg7 21. Bg5 h6 22. Bxf6 Bxf6
23. Rc1 Qf8 24. Qa2 Rd6 25. Rc2 Nb8 26. Rfc1 Be6 27. Qb2 Ra7
28. Rc5 Nd7 29. Rxb5 g5 30. Nc6 Rxc6 31. Rxc6 g4 32. hxg4 Bxg4
33. Qc2 Ra8 34. Rb7 Qg7 35. Nh2 Be6 36. Rxe6 fxe6 37. Qc6 Rd8
38. Qxe6+ Qf7 39. Bh3 1-0

[Event "SportAccord World Mind Games (Women, Blitz)"]
[Site "Beijing CHN"]
[Date "2013.12.14"]
[EventDate "2013.12.14"]
[Round "4.7"]
[Result "1-0"]
[White "Antoaneta Stefanova"]
[Black "Elisabeth Paehtz"]
[WhiteElo "2486"]
[BlackElo "2452"]
[PlyCount "91"]

1. d4 d6 2. e4 Nf6 3. Nc3 g6 4. Be3 a6 5. Bd3 b5 6. a4 b4
7. Nce2 Nbd7 8. Nf3 c5 9. Ng3 Ng4 10. Bg5 cxd4 11. Nxd4 Nc5
12. O-O Bg7 13. Nc6 Qd7 14. Nxe7 h6 15. Nxc8 Rxc8 16. Bc1 O-O
17. Be2 Ne5 18. a5 Nc6 19. Be3 Qe7 20. Bxc5 dxc5 21. Bxa6 Ra8
22. Bc4 Rxa5 23. Rb1 Nd4 24. c3 bxc3 25. bxc3 Ne6 26. Ne2 Ra7
27. Qc2 Ng5 28. Bd5 Rc7 29. f4 Ne6 30. f5 Ng5 31. fxg6 Be5
32. gxf7+ Nxf7 33. Rf5 Qd6 34. g3 Kg7 35. Rbf1 Re7 36. Qb3 c4
37. Qxc4 Rc7 38. Qb3 Ng5 39. Rxf8 Qc5+ 40. Kg2 Qe3 41. R8f2 h5
42. Qb4 Nh7 43. Rf7+ Kg6 44. Rxc7 Bxc7 45. Rf2 Bb6 46. Nd4 1-0

[Event "SportAccord World Mind Games (Women, Blitz)"]
[Site "Beijing CHN"]
[Date "2013.12.14"]
[EventDate "2013.12.14"]
[Round "5.3"]
[Result "1-0"]
[White "Valentina Gunina"]
[Black "Antoaneta Stefanova"]
[WhiteElo "2509"]
[BlackElo "2486"]
[PlyCount "67"]

1. Nf3 d5 2. g3 Nc6 3. d4 Bf5 4. Bg2 Qd7 5. O-O Bh3 6. b3 h5
7. c4 Bxg2 8. Kxg2 e6 9. Nc3 Be7 10. Bf4 h4 11. e4 dxe4
12. Nxe4 O-O-O 13. Qe2 hxg3 14. fxg3 Nxd4 15. Nxd4 Qxd4
16. Rad1 Qb6 17. Rxd8+ Bxd8 18. h4 Ne7 19. Ng5 Rf8 20. Kh2 Nf5
21. Ne4 Be7 22. c5 Qc6 23. b4 a6 24. Rb1 Rd8 25. Rc1 Nd4
26. Qe3 Qa4 27. Nd6+ Bxd6 28. cxd6 Qxa2+ 29. Kh3 Nc6 30. dxc7
Rd5 31. Rxc6 Qb1 32. Rc1 Qf5+ 33. Kh2 e5 34. Qa7 1-0

[Event "SportAccord World Mind Games (Women, Blitz)"]
[Site "Beijing CHN"]
[Date "2013.12.14"]
[EventDate "2013.12.14"]
[Round "6.6"]
[Result "1/2-1/2"]
[White "Antoaneta Stefanova"]
[Black "Zhao Xue"]
[WhiteElo "2486"]
[BlackElo "2568"]
[PlyCount "161"]

1. d4 Nf6 2. Bg5 e6 3. Nd2 d5 4. e3 h6 5. Bh4 c5 6. c3 Bd6
7. f4 Qb6 8. Rb1 Bd7 9. Ngf3 Bb5 10. Be2 cxd4 11. cxd4 Ng4
12. Bxb5+ Qxb5 13. Qe2 a6 14. h3 Nf6 15. Kf2 Nc6 16. a3 Ne7
17. Qxb5+ axb5 18. Ke2 Nd7 19. Rhc1 Nb6 20. Nb3 Nc4 21. Nc5
Ra7 22. Bf2 O-O 23. Nd3 f6 24. Rc3 Rd8 25. Rb3 Nc6 26. Rxb5
N6a5 27. Nc5 Bf8 28. Nxe6 Re8 29. Nxf8 Kxf8 30. Rxd5 Nc6
31. Rc5 Nd6 32. Rc2 Nf5 33. Kd2 Raa8 34. Kd3 Rad8 35. Rc5 Nd6
36. Nd2 Kf7 37. Rbc1 Re7 38. g4 Red7 39. g5 hxg5 40. fxg5 Ne8
41. gxf6 gxf6 42. Bg3 Ng7 43. Bf2 Ne6 44. R5c4 Ne5+ 45. Ke2
Nxc4 46. Rxc4 Rd5 47. Ne4 Rh5 48. Rb4 Rd7 49. a4 Rxh3 50. Rxb7
Rxb7 51. Nd6+ Ke7 52. Nxb7 Rh2 53. Nc5 Ng5 54. b4 Kd6 55. Kf1
Kd5 56. a5 Kc4 57. a6 Rh1+ 58. Kg2 Ra1 59. Bh4 Kxb4 60. Bxg5
fxg5 61. Kg3 Ra3 62. Kf3 g4+ 63. Kxg4 Rxe3 64. Kf4 Re8 65. Kf5
Kc4 66. Ne6 Ra8 67. Ke5 Rxa6 68. d5 Ra5 69. Nf4 Rb5 70. Ke6
Rb6+ 71. Ke5 Kc5 72. Ne6+ Kb5 73. Nf4 Ka6 74. Ne6 Kb7 75. Kf6
Rd6 76. Ke5 Rb6 77. Kf6 Rb5 78. d6 Rd5 79. Ke7 Kb6 80. d7
Rxd7+ 81. Kxd7 1/2-1/2

[Event "SportAccord World Mind Games (Women, Blitz)"]
[Site "Beijing CHN"]
[Date "2013.12.14"]
[EventDate "2013.12.14"]
[Round "7.4"]
[Result "0-1"]
[White "Tatiana Kosintseva"]
[Black "Antoaneta Stefanova"]
[WhiteElo "2496"]
[BlackElo "2486"]
[PlyCount "54"]

1. e4 e5 2. Nf3 Nc6 3. Bb5 Nge7 4. c3 d6 5. d4 Bd7 6. d5 Nb8
7. Bxd7+ Nxd7 8. c4 Nc5 9. Nc3 a5 10. O-O Ng6 11. Be3 b6
12. Nd2 Qd7 13. f3 Be7 14. Rb1 O-O 15. b3 h6 16. a3 Bg5
17. Qe2 Bxe3+ 18. Qxe3 f5 19. exf5 Qxf5 20. Nde4 Nf4 21. b4
axb4 22. axb4 Nxe4 23. Qxe4 Qg5 24. Rb2 Ra3 25. Nd1 Rd3 26. c5
Rd4 27. Qe3 Rxd1 0-1

[Event "SportAccord World Mind Games (Women, Blitz)"]
[Site "Beijing CHN"]
[Date "2013.12.14"]
[EventDate "2013.12.14"]
[Round "8.5"]
[Result "1-0"]
[White "Antoaneta Stefanova"]
[Black "Marie Sebag"]
[WhiteElo "2486"]
[BlackElo "2501"]
[PlyCount "67"]

1. d4 d5 2. c4 c6 3. cxd5 cxd5 4. Bf4 Nc6 5. Nc3 Nf6 6. e3 Bf5
7. Qb3 Na5 8. Qa4+ Bd7 9. Qc2 e6 10. h3 Rc8 11. Bd3 Nc4
12. Qb3 Qb6 13. Bxc4 Rxc4 14. Qxb6 axb6 15. Nge2 Be7 16. f3
O-O 17. Kd2 Rfc8 18. Rhc1 Ne8 19. a3 Nd6 20. b3 R4c6 21. a4
Nf5 22. Na2 g5 23. Bh2 Ba3 24. Rxc6 bxc6 25. Nac1 Bb4+ 26. Kd3
c5 27. e4 c4+ 28. bxc4 dxc4+ 29. Kc2 Ne3+ 30. Kb2 Nxg2 31. Na2
Ba5 32. Rg1 Ne1 33. Rxg5+ Kf8 34. Bd6+ 1-0

[Event "SportAccord World Mind Games (Women, Blitz)"]
[Site "Beijing CHN"]
[Date "2013.12.14"]
[EventDate "2013.12.14"]
[Round "9.5"]
[Result "1-0"]
[White "Nana Dzagnidze"]
[Black "Antoaneta Stefanova"]
[WhiteElo "2557"]
[BlackElo "2486"]
[PlyCount "85"]

1. d4 d5 2. c4 c6 3. Nf3 Nf6 4. Nc3 a6 5. a4 e6 6. Bg5 Nbd7
7. e3 Qa5 8. Qc2 Bb4 9. Rc1 O-O 10. Bd3 h6 11. Bh4 dxc4
12. Bxc4 c5 13. O-O cxd4 14. Nxd4 Ne5 15. Be2 Ng6 16. Bxf6
gxf6 17. Ne4 Kg7 18. Ng3 Be7 19. Bf3 Rb8 20. Rfd1 Rd8 21. b3
Kf8 22. Bh5 Kg7 23. Bxg6 fxg6 24. h4 f5 25. h5 g5 26. Qc4 Qe5
27. Nf3 Rxd1+ 28. Rxd1 Qc5 29. Qd3 b5 30. axb5 axb5 31. Nd4
Bf6 32. Nge2 b4 33. Rc1 Qb6 34. Rc6 Qa5 35. Nxe6+ Bxe6
36. Rxe6 Rd8 37. Qc4 Qa1+ 38. Kh2 Qa7 39. Rc6 Rd7 40. Ng3 Qa5
41. Rc5 Qa2 42. Nxf5+ Kh7 43. Qe6 1-0

[Event "SportAccord World Mind Games (Women, Blitz)"]
[Site "Beijing CHN"]
[Date "2013.12.14"]
[EventDate "2013.12.14"]
[Round "10.4"]
[Result "0-1"]
[White "Antoaneta Stefanova"]
[Black "Koneru Humpy"]
[WhiteElo "2486"]
[BlackElo "2607"]
[PlyCount "56"]

1. d4 d5 2. Bf4 Nf6 3. e3 Bf5 4. c4 e6 5. Nc3 Bb4 6. Qb3 Nc6
7. a3 Bxc3+ 8. bxc3 O-O 9. Nf3 Na5 10. Qb4 b6 11. Be2 c5
12. Qa4 dxc4 13. Bxc4 cxd4 14. cxd4 Nxc4 15. Qxc4 Rc8 16. Qa6
Rc3 17. Ne5 Nd5 18. Bg3 f6 19. Nf3 Qd7 20. Rd1 Bc2 21. Rd2 Bb3
22. e4 Bc4 23. Qxc4 Rxc4 24. exd5 Rc1+ 25. Rd1 Rxd1+ 26. Kxd1
Qxd5 27. Re1 Rc8 28. Ke2 Qb5+ 0-1

[Event "SportAccord World Mind Games (Women, Blitz)"]
[Site "Beijing CHN"]
[Date "2013.12.15"]
[EventDate "2013.12.14"]
[Round "11.6"]
[Result "1-0"]
[White "Yifan Hou"]
[Black "Antoaneta Stefanova"]
[WhiteElo "2629"]
[BlackElo "2486"]
[PlyCount "91"]

1. e4 e5 2. Nf3 Nc6 3. Bc4 Bc5 4. c3 Nf6 5. d3 O-O 6. Bb3 d5
7. Qe2 Re8 8. Bg5 dxe4 9. dxe4 Be6 10. Nbd2 h6 11. Bh4 Bxb3
12. axb3 Be7 13. O-O Nh5 14. Bxe7 Qxe7 15. g3 Qe6 16. b4 Qh3
17. Rfd1 Nf6 18. b5 Nb8 19. b4 Nbd7 20. Nh4 Nf8 21. f3 Qe6
22. Nf5 Ng6 23. Nc4 a6 24. b6 Qc6 25. bxc7 Qxc7 26. Ncd6 Red8
27. Qe3 Ne7 28. Nxe7+ Qxe7 29. Qb6 Rab8 30. Nf5 Qf8 31. Nxh6+
Kh7 32. Nf5 Rdc8 33. Qe3 Rc6 34. Rd3 Rbc8 35. Rad1 Kg8
36. R1d2 b5 37. Kg2 g6 38. Nd6 R8c7 39. Qg5 Nh7 40. Qxe5 Qh6
41. Ne8 Rc8 42. Rd8 Nf8 43. Nf6+ Rxf6 44. Qxf6 Rxd8 45. Rxd8
Qc1 46. Qd6 1-0